Introduction to audio analysis : (Record no. 19839)

MARC details
000 -LEADER
fixed length control field 00988cam a22003015a 4500
001 - CONTROL NUMBER
control field 016584303
003 - CONTROL NUMBER IDENTIFIER
control field OSt
005 - DATE AND TIME OF LATEST TRANSACTION
control field 20201128021327.0
008 - FIXED-LENGTH DATA ELEMENTS--GENERAL INFORMATION
fixed length control field 131118s2014 enka frb 001 0 eng d
020 ## - INTERNATIONAL STANDARD BOOK NUMBER
International Standard Book Number 9780080993881
040 ## - CATALOGING SOURCE
Original cataloging agency StDuBDS
Language of cataloging eng
Transcribing agency StDuBDS
Modifying agency Uk
-- EG-ScBUE
082 04 - DEWEY DECIMAL CLASSIFICATION NUMBER
Classification number 620.2
Edition number 22
Item number GIA
100 1# - MAIN ENTRY--PERSONAL NAME
Personal name Giannakopoulos, Theodoros.
9 (RLIN) 38396
245 10 - TITLE STATEMENT
Title Introduction to audio analysis :
Remainder of title a MATLAB approach /
Statement of responsibility, etc Theodoros Giannakopoulos, Aggelos Pikrakis.
250 ## - EDITION STATEMENT
Edition statement 1st ed.
260 ## - PUBLICATION, DISTRIBUTION, ETC. (IMPRINT)
Place of publication, distribution, etc Oxford ;
-- Waltham ;
-- San Diego :
Name of publisher, distributor, etc Academic Press / Elsevier,
Date of publication, distribution, etc 2014.
300 ## - PHYSICAL DESCRIPTION
Extent xvi, 266 p. :
Other physical details ill. ;
Dimensions 24 cm.
500 ## - GENERAL NOTE
General note Index : p. 259-266.
504 ## - BIBLIOGRAPHY, ETC. NOTE
Bibliography, etc Bibliography : p. 251-258.
630 00 - SUBJECT ADDED ENTRY--UNIFORM TITLE
Uniform title MATLAB.
650 #0 - SUBJECT ADDED ENTRY--TOPICAL TERM
Topical term or geographic name as entry element Acoustical engineering.
Source of heading or term BUEsh
9 (RLIN) 319
650 #7 - SUBJECT ADDED ENTRY--TOPICAL TERM
Topical term or geographic name as entry element Numerical analysis
General subdivision Computer programs.
Source of heading or term BUEsh
9 (RLIN) 17882
651 ## - SUBJECT ADDED ENTRY--GEOGRAPHIC NAME
Source of heading or term BUEsh
653 ## - INDEX TERM--UNCONTROLLED
Resource For college Engineering, General
Arrived date list June2015
-- August2015
655 ## - INDEX TERM--GENRE/FORM
Form subdivision
-- 34232
700 ## - ADDED ENTRY--PERSONAL NAME
Personal name Pikrakis, Aggelos
942 ## - ADDED ENTRY ELEMENTS (KOHA)
Source of classification or shelving scheme Dewey Decimal Classification
Holdings
Withdrawn status Lost status Source of classification or shelving scheme Damaged status Not for loan Koha collection Home library Current library Shelving location Date acquired Source of acquisition Cost, normal purchase price Serial Enumeration / chronology Total Checkouts Full call number Barcode Date last seen Cost, replacement price Koha item type
    Dewey Decimal Classification     Alahram Central Library Central Library First floor 23/06/2015   578.00 337   620.2 GIA 000038928 15/07/2025 722.50 Book - Borrowing
    Dewey Decimal Classification     Baccah Central Library Central Library First floor 21/05/2018 Purchase 799.50 2000088   620.2 GIA 000047808 15/07/2025 999.38 Book - Borrowing